Carregant...

Synthesis, thermal and spectral studies of some transition metal complexes of hetero cyclic schiffbases /

Dades bibliogràfiques
Autor principal: Sleema, B
Format: Ph.D Thesis
Idioma:English
Publicat: 1999.
Matèries:
LEADER 00708nam a2200169Ia 4500
008 151104b xxu||||| m||| 00| 0 eng d
082 |a 546.3, 
100 |a Sleema, B 
245 |a Synthesis, thermal and spectral studies of some transition metal complexes of hetero cyclic schiffbases /  |c by Sleema, B 
260 |c 1999. 
502 |a Thesis (Ph.D.)-- Department of Chemistry, University of Calicut, 1999. 
504 |a Includes bibliographical references. 
653 |a Chemistry 
796 |a Geetha parameswaran.  |b Thesis advisor.  |c Dr. 
942 |c TH 
999 |c 109809  |d 109809 
952 |0 0  |1 0  |4 0  |6 546_000000000000000_3_SLE_S  |7 0  |9 114261  |a UL  |b UL  |c REF  |d 2015-11-09  |l 0  |o 546.3, SLE/S  |p NB4331  |r 2015-11-09  |w 2015-11-09  |y TH  |z 679